Appasaheb Bhonsle of Nagpur, 1816-1840 (Record no. 10783)

MARC details
000 -LEADER
fixed length control field 00439nam a2200157Ia 4500
082 ## - DEWEY DECIMAL CLASSIFICATION NUMBER
Classification number TL.0054
100 ## - MAIN ENTRY--AUTHOR NAME
Personal name Lohakare, A.S.
245 #0 - TITLE STATEMENT
Title Appasaheb Bhonsle of Nagpur, 1816-1840
260 ## - PUBLICATION, DISTRIBUTION, ETC. (IMPRINT)
Year of publication 0
Name of publisher Nagpur University
300 ## - PHYSICAL DESCRIPTION
Number of Pages 354, 8p.
650 ## - SUBJECT ADDED ENTRY--TOPICAL TERM
Topical Term NAGPUR - HISTORY - 1816-1840
650 ## - SUBJECT ADDED ENTRY--TOPICAL TERM
Topical Term INDIA - HISTORY - 1816-1840///NAGPUR - HISTORY - 1816-1840
650 ## - SUBJECT ADDED ENTRY--TOPICAL TERM
Topical Term BHONSLE, APPASAHEB
710 ## - ADDED ENTRY--CORPORATE NAME
Corporate name or jurisdiction name as entry element Deopujari, M.B.
942 ## - ADDED ENTRY ELEMENTS (KOHA)
Koha item type Thesis
Source of classification or shelving scheme Dewey Decimal Classification
Holdings
Withdrawn status Lost status Damaged status Not for loan Home library Current library Date acquired Full call number Accession Number Price effective from Koha item type
        NASSDOC Library NASSDOC Library 08/10/2004 TL.0054 6373 18/04/2019 Thesis